000 00624nam a22002177a 4500
005 20220718094656.0
008 220718b ||||| |||| 00| 0 eng d
040 _cAloy
041 _aeng
082 _223
_a362.76
_bRAOS
100 _aB V R Rao
_950467
100 _dB Malik
_950462
245 _aStreet children of Hyderabad:
_bA situational analysis
260 _aNoida:
_bNational Labour Institute,
_c1992
300 _aiv,49p.
_bPB
_c23x15cm.
650 _aSocial Problems
_950463
650 _aObjectives and Methodology
_950464
700 _aRAO (B V R)
_950465
700 _aMALIK (B)
_950466
942 _2ddc
_cGF
999 _c223892
_d223892